00527nam a2200121Ia 4500001000700000008004100007100002900048245010900077260003200186300001000218502007600228650010100304Z_1822220601s9999 xx 000 0 und d aAlmeraya Almeraya, Oscar aEngorda de toretes con diferentes niveles de barredura de pan en la dieta / por Oscar Almeraya Almeraya aChapingo, Méx. : El autor a74 h. aTesis (Ing. Agr. Esp. en Zootecnia) -- UACH. Departamento de Zootecnia a1. Barredura de pan 2. Subproductos - Utilización 3. Industria panificadora - SubproductosÌ